1480 1078 1786 1670 1415 1360 1388 1936 1402 1792 1845 1157 1390 1462 1617 1663 1765 1973 1006 1593 1730 1285 1678 1779 1076 1229 1702 1476 1366 1249 1986 1080 1654 1300 1695 1082 1846 1542 1589 1604 1891 1587 1219 1684 1001 1568 1846 1736 1700 1159 1930 1819 1610 1298 1680 1865 1735 1161 1515 1539 1779 1503 1754 1123 1275 1849 1525 1981 1026 1333 1181 1276 1650 1871 1283 1681 1515 1685 1422 1723 1090 1904 1237 1750 1163 1971 1281 1261 1684 1096 1540 1028 1961 1324 1521 1081 1618 1226 1869 BCNSPRNW ULIB Ver.6.0+V

เปลี่ยนเป็นภาษาไทย

Change to English
 แสดงรายละเอียดบรรณานุกรม
  กลับหน้าหลัก

Brief Record : Get Marc (ISO 2709) : E-mail record : QR code < ปิดหน้าต่าง
LEADER : 00000nam 2200000uu 4500
001    13399121868
003     ULIB
008    121212s2553||||th 000 0 tha d
020    ^a9786167136240
050  4 ^aH62^bส325ว
100 0  ^aสรชัย พิศาลบุตร
245 10 ^aวิธีวิจัยเชิงปฏิบัติ /^cสรชัย พิศาลบุตร
250    ^aพิมพ์ครั้งที่ 3
260    ^aกรุงเทพฯ :^bวิทยพัฒน์,^c2553
300    ^a376 หน้า ;^c26 ซม.
650  0 ^aResearch
650  0 ^aAction research
650  4 ^aการศึกษา^xวิจัย
650  4 ^aวิจัย
650  4 ^aวิจัยปฏิบัติการ
945    ^p320^l0^i033191
945    ^p320^l0^i033192
945    ^p320^l0^i033193
995    ^a เกษร
999    ^aใช้งานได้ทุกระบบ
รายการนี้ยังไม่มีแท็ก
คุณยังไม่ได้ล็อกอิน คุณสามารถมีกิจกรรมร่วมกับเว็บไซต์ได้ แต่ต้องล็อกอินก่อน ::
  ล็อกอิน

รายการสื่อสารสนเทศ

ลำดับที่ ประเภท เลขเรียก/บาร์โค้ด สถานที่ สถานะ
1. วิทยาศาสตร์การแพทย์ และสุขภาพ
หนังสือสำรอง
สถานะ=หนังสือสำรอง
H62 ส325ว ฉ.1 
  Barcode: 033191
ห้องสมุดวิทยาเขตสวรรค์ประชารักษ์
►หนังสือทั่วไป
บนชั้น
2. วิทยาศาสตร์การแพทย์ และสุขภาพ
วิทยาศาสตร์การแพทย์ และสุขภาพ
H62 ส325ว ฉ.2 
  Barcode: 033192
ห้องสมุดวิทยาเขตสวรรค์ประชารักษ์
►หนังสือทั่วไป
บนชั้น
3. วิทยาศาสตร์การแพทย์ และสุขภาพ
วิทยาศาสตร์การแพทย์ และสุขภาพ
H62 ส325ว ฉ.3 
  Barcode: 033193
ห้องสมุดวิทยาเขตสวรรค์ประชารักษ์
►หนังสือทั่วไป
บนชั้น

รายการใกล้เคียง
    ผู้แต่ง [สรชัย พิศาลบุตร]

    หัวเรื่อง [Research]
    หัวเรื่อง [Action research]
    หัวเรื่อง [วิจัย]
    หัวเรื่อง [วิจัยปฏิบัติการ]

BibComment


ยังไม่เคยถูกคอมเมนท์

คอมเมนท์ทรัพยากรรายการนี้
  คอมเมนท์: วิธีวิจัยเชิงปฏิ..


 Copyright 2026. Bcnsprnw @Library